UBT Library

New Webster's dictionary and thesaurus of the English language. (Record no. 39993)

000 -LEADER
fixed length control field 00698nam a2200229 a 4500
001 - CONTROL NUMBER
control field 656624
005 - DATE AND TIME OF LATEST TRANSACTION
control field 20180110072758.0
008 - FIXED-LENGTH DATA ELEMENTS--GENERAL INFORMATION
fixed length control field 940106s1993 ctu d 000 0 eng
010 ## - LIBRARY OF CONGRESS CONTROL NUMBER
LC control number 94102018
020 ## - INTERNATIONAL STANDARD BOOK NUMBER
International Standard Book Number 071724671X :
Terms of availability $59.95 ($69.95 Can.)
040 ## - CATALOGING SOURCE
Original cataloging agency DLC
Transcribing agency DLC
041 ## - LANGUAGE CODE
Language code of text/sound track or separate title eng
080 ## - UNIVERSAL DECIMAL CLASSIFICATION NUMBER
Universal Decimal Classification number 423 WEB
082 00 - DEWEY DECIMAL CLASSIFICATION NUMBER
Classification number 423 WEB
Edition number 20
100 ## - Rafti
Rafti 22
101 ## - Shkurtesa
Shkurtesa GJU
245 00 - TITLE STATEMENT
Title New Webster's dictionary and thesaurus of the English language.
740 0# - ADDED ENTRY--UNCONTROLLED RELATED/ANALYTICAL TITLE
Uncontrolled related/analytical title Larousse illustrated international encyclopedia and dictionary.
906 ## - LOCAL DATA ELEMENT F, LDF (RLIN)
a 7
b cbc
c orignew
d 2
e ncip
f 19
g y-gencatlg
942 ## - ADDED ENTRY ELEMENTS (KOHA)
Source of classification or shelving scheme
Item type Books
Holdings
Withdrawn status Lost status Source of classification or shelving scheme Damaged status Not for loan Collection code Permanent location Current location Shelving location Date acquired Total Checkouts Full call number Barcode Date last seen Price effective from Koha item type
          Koleksioni i përgjithshem UBT - Lipjan UBT - Lipjan Koleksioni i përgjithshem 01/10/2018   423 WEB 002-2995131 01/10/2018 01/10/2018 Books
UBT Library © 2015-2024. All rights reserved University Education for Business and Technology